Los bosques españoles / (Record no. 116090)

MARC details
000 -LEADER
campo de control de longitud fija 00597nam a2200193 i 4500
001 - NÚMERO DE CONTROL
campo de control 116090
003 - IDENTIFICADOR DE NÚMERO DE CONTROL
campo de control ES-MaACL
005 - FECHA Y HORA DE LA ÚLTIMA TRANSACCIÓN
campo de control 20251116063100.0
007 - CAMPO FIJO DE DESCRIPCIÓN FÍSICA--INFORMACIÓN GENERAL
campo de control de longitud fija t|
008 - DATOS DE LONGITUD FIJA--INFORMACIÓN GENERAL
campo de control de longitud fija 061121s1977 sp r ||||1| spa d
100 1# - ENTRADA PRINCIPAL--NOMBRE DE PERSONA
Nombre de persona Ortuño Medina, Francisco,
Fechas asociadas al nombre 1919-1991
9 (RLIN) 87687
245 14 - MENCIÓN DEL TÍTULO
Título Los bosques españoles /
Mención de responsabilidad, etc. Francisco Ortuño, Andrés Ceballos.
260 ## - PUBLICACIÓN, DISTRIBUCIÓN, ETC.
Lugar de publicación, distribución, etc. Madrid :
Nombre del editor, distribuidor, etc. Incafo,
Fecha de publicación, distribución, etc. 1977.
300 ## - DESCRIPCIÓN FÍSICA
Extensión 251 p., 13 lám. :
Otras características físicas il. ;
Dimensiones 31 cm.
650 #4 - PUNTO DE ACCESO ADICIONAL DE MATERIA--TÉRMINO DE MATERIA
Término de materia o nombre geográfico como elemento de entrada Bosques-
Subdivisión geográfica España.
9 (RLIN) 10608
700 1# - ENTRADA AGREGADA--NOMBRE PERSONAL
Nombre de persona Ceballos, Andrés.
9 (RLIN) 37271
852 ## - LOCALIZACIÓN
Ubicación ES-MaACL
Número de control de estantería A-7981
Sublocalización o colección R.97010
Holdings
Estatus retirado Estado de pérdida Estado de daño No para préstamo Biblioteca de origen Biblioteca actual Ubicación en estantería Fecha de adquisición Fuente de adquisición Total de préstamos Signatura topográfica completa Código de barras Visto por última vez Precio de reemplazo Tipo de ítem Koha
        Biblioteca del Ateneo de Madrid Biblioteca del Ateneo de Madrid Sala Pecera Planta 1 17/01/2008     A-7981 1121059 23/02/2023 23/02/2023 Libro impreso